Tierra llana / (Record no. 193056)

MARC details
000 -LEADER
campo de control de longitud fija 01228nam a2200337 i 4500
001 - NÚMERO DE CONTROL
campo de control 193056
003 - IDENTIFICADOR DE NÚMERO DE CONTROL
campo de control SpMaBN
005 - FECHA Y HORA DE LA ÚLTIMA TRANSACCIÓN
campo de control 20250307141814.0
007 - CAMPO FIJO DE DESCRIPCIÓN FÍSICA--INFORMACIÓN GENERAL
campo de control de longitud fija ta
008 - DATOS DE LONGITUD FIJA--INFORMACIÓN GENERAL
campo de control de longitud fija 230726s2022 sp | |||| 000 0 spa
017 ## - NÚMERO DE COPYRIGHT O DE DEPÓSITO LEGAL
Número de copyright o de depósito legal M 20115-2022
Agencia que asigna Oficina Depósito Legal Madrid
020 ## - NÚMERO INTERNACIONAL ESTÁNDAR DEL LIBRO
Número Internacional Estándar del Libro 9788412587401
035 ## - NÚMERO DE CONTROL DEL SISTEMA
Número de control de sistema a7314591
040 ## - FUENTE DE CATALOGACIÓN
Centro catalogador/agencia de origen SpMaBN
Lengua de catalogación spa
Centro/agencia transcriptor SpMaBN
Normas de descripción rda
Centro/agencia modificador ES-MaACL
100 1# - ENTRADA PRINCIPAL--NOMBRE DE PERSONA
Nombre de persona Castañón, Francisco J.,
Fechas asociadas al nombre 1961-
Término indicativo de función/relación Autor
9 (RLIN) 153534
245 1# - MENCIÓN DEL TÍTULO
Título Tierra llana /
Mención de responsabilidad, etc. Francisco J. Castañón
264 #1 - PRODUCCIÓN, PUBLICACIÓN, DISTRIBUCIÓN, FABRICACIÓN Y COPYRIGHT
Producción, publicación, distribución, fabricación y copyright [Menorca] :
Nombre del de productor, editor, distribuidor, fabricante Ediciones Vitruvio,
Fecha de producción, publicación, distribución, fabricación o copyright 2022
300 ## - DESCRIPCIÓN FÍSICA
Extensión 21 páginas ;
Dimensiones 24 cm
336 ## - TIPO DE CONTENIDO
Término de tipo de contenido Texto
Fuente rdacontent
337 ## - TIPO DE MEDIO
Nombre/término del tipo de medio sin mediación
Fuente rdamedia
338 ## - TIPO DE SOPORTE
Nombre/término del tipo de soporte volumen
Fuente rdacarrier
490 1# - MENCIÓN DE SERIE
Mención de serie Baños del Carmen ;
Designación de volumen o secuencia 925
655 #7 - TERMINO DE INDIZACIÓN--GENERO/FORMA
Datos o término principal de género/forma Poesías
Fuente del término tgfbne
9 (RLIN) 176539
830 ## - PUNTO DE ACCESO ADICIONAL DE SERIE-TÍTULO UNIFORME
Título uniforme Colección Baños del Carmen
Designación de volumen o secuencia 925
9 (RLIN) 183030
852 ## - LOCALIZACIÓN
Ubicación ES-MaACL
Sublocalización o colección R. 153492
Ubicación en estantería Depósito J
Número de control de estantería N-8995
Anotaciones manuscritas Firmado y dedicado por el autor
Donativo/Legado Donación: Francisco J. Castañon
Encuadernación Rústica con solapas
itemnumber 200361
903 ## - NOMBRE PERSONAL DE DONANTE
a Castañón, Francisco J.,
d 1961-
e Donante
9 153534
942 ## - ELEMENTOS DE ENTRADA SECUNDARIOS (KOHA)
Suprimir en OPAC No
Tipo de ítem Koha Libro impreso
Holdings
Estatus retirado Estado de pérdida Fuente del sistema de clasificación o colocación Estado de daño No para préstamo Colección Biblioteca de origen Biblioteca actual Ubicación en estantería Fecha de adquisición Fuente de adquisición Número de control de estantería Total de préstamos Signatura topográfica completa Código de barras Visto por última vez Precio de reemplazo Tipo de ítem Koha Nota pública
    Clasificación decimal universal     Libros con dedicatorias Biblioteca del Ateneo de Madrid Biblioteca del Ateneo de Madrid Depósito J 01/09/2022 Donación Ateneísta   N-8995 101205654 26/07/2023 26/07/2023 Libro impreso Dedicatoria autógrafa del autor